Cơ sở giáo dục nhân bản : Văn hoá Việt Nam văn hoá giao thoa đông tây /
Bewaard in:
| Hoofdauteur: | |
|---|---|
| Formaat: | Sách giấy |
| Taal: | Vietnamese |
| Gepubliceerd in: |
H. :
Từ điển Bách khoa,
2010.
|
| Onderwerpen: | |
| Tags: |
Voeg label toe
Geen labels, Wees de eerste die dit record labelt!
|
| Thư viện lưu trữ: | Thư viện Trường Đại học Đà Lạt |
|---|
| LEADER | 00746nam a2200289 4500 | ||
|---|---|---|---|
| 001 | DLU110126548 | ||
| 005 | ##20111013 | ||
| 040 | # | # | |a DLU |b vie |
| 041 | # | # | |a vie |
| 044 | # | # | |a vn |
| 082 | # | # | |a 306.089 959 2 |b NG-S |
| 100 | # | # | |a Nguyễn Vinh Sơn. |
| 245 | # | # | |a Cơ sở giáo dục nhân bản : |b Văn hoá Việt Nam văn hoá giao thoa đông tây / |c Nguyễn Vinh Sơn. |
| 260 | # | # | |a H. : |b Từ điển Bách khoa, |c 2010. |
| 300 | # | # | |a 467 tr. ; |c 21 cm. |
| 650 | # | # | |a Văn hoá |x Nghiên cứu. |
| 923 | # | # | |a 16/2011 |
| 991 | # | # | |a GT |
| 992 | # | # | |a 85000 |
| 994 | # | # | |a DLU |
| 900 | # | # | |a True |
| 911 | # | # | |a Đào Thị Thu Huyền |
| 925 | # | # | |a G |
| 926 | # | # | |a A |
| 927 | # | # | |a SH |
| 980 | # | # | |a Thư viện Trường Đại học Đà Lạt |